Statistics for Clash of The Stars - účastníci (1-7)

Click here to take the quiz!

General Stats

  • This quiz has been taken 33 times
    (17 since last reset)
  • The average score is 38 of 106

Answer Stats

Answer% Correct
Aleš “Psychopat” Bejr
92%
Marek “Datel” Valášek
92%
Drahomíra “Lady Dee” Jůzová
83%
Jan “Diego” Kotlár
83%
Lukáš “Luktuma” Tůma
83%
Ondřej “Kluk s kamením” Untermuller
83%
Filip Grznár
75%
Jaromír Soukup
75%
Jiří “MaxGreen” Janouch
75%
Jaroslav “Kotlár security” Kotlár
67%
Daniel “Danny z TvTwixx” Sonnleitner
58%
Dominika “Mína” Elischerová
58%
Dominik “Malej Zmijozel” Radl
58%
Jan “Dragunov je pan” Podraný
58%
Jan “Honzi” Michálek
58%
Karlos Benda
58%
Lada “Laduška” Kašparová
58%
Ladislav “Kukis” Gal
58%
Leo Brichta, Tomáš Fajk
58%
Matouš Kaluba
58%
Miroslav “Fayne” Loner
58%
Pavel “Snejks” Měsíček
58%
Tadeáš “Gangstaboy” Veselý
58%
Tadeáš Kuběnka
58%
Anastasija “Satnady” Chomičová
50%
Gabriela “Playstation Princess” Žaludová
50%
Hana “KrutoHanka” Gelnarová
50%
Kristýna “Kristal Shine” Kotianová, Denisa Ryndová
50%
Tadeáš “Mawar” Růžička
50%
Valérie “XHOLAKYS” Holáková
50%
Dan Bayer
42%
David “Čonny” Čonka
42%
Denisa Ryndová
42%
Dominik “Vercetti” Vyšata
42%
Eliška Kovaříková
42%
Jakub “Freescoot” Smrek
42%
Ladislav Tišer, Daniel “Maďar” Pizoška, Milan “Dolari Plzňako” Lakatoš
42%
Lukáš “Král Pablo” Bartoš
42%
Martin “Bez trika” Binder
42%
Martin “Budík” Budín
42%
Michaela “MissProblem” Dostálová
42%
Ondřej “Gappa” Bihary
42%
Patrik “Žralok” Hübler
42%
Václav “Baba Jaga” Mikulášek
42%
Vít “Vítek z FiziStyle” Daněk
42%
Vojtěch “Sensey” Prell
42%
Angeli “Angie” Mangombe
33%
Jakub Kroka
33%
Jan Rybka
33%
Nadia “Habibi” Dridi
33%
Patrik “Koleso” Pešava
33%
Silvia Dellai
33%
Tomáš “Dynamo” Křižan
33%
Václav “Král Berouna” Flachsa
33%
Veronika Zajícová
33%
Daniel Holomek
25%
Daniel “Seaser” Siruček
25%
David “Fregamer” Pražák
25%
Filip Procházka
25%
Filip Roubíček
25%
Jan “Geybn” Havel
25%
Karina “Karin Pedro” Petrová, Petra “Inked Dory” Úradničková
25%
Leoš “Rošták Svobík” Svoboda
25%
Lukáš “HuHu” Procházka
25%
Lukáš Kril
25%
Lukas “LBoy” Nárovec
25%
Michal “PsychoMichal” Peštuka
25%
Patrik “Corleone” Horváth
25%
Petra “Inked Dory” Úradničková
25%
Petr “Obr” Marek
25%
René “Rendys” Blahovský
25%
Šimon “Sajmonos” Valenta
25%
Adam “Dynamic” Josef
17%
Aleky
17%
Aleš Olejník
17%
Alex Zach
17%
Aneta Adamusová
17%
Barbora “Uhlířka” Uhlířová
17%
Bertík Girga
17%
Christián “Nathan” Dzaba
17%
Daniel “Střelec Dáňa”Černý, Lukáš “Bukys” Bukovaz
17%
David Karbaš
17%
David “Olchič” Olchava
17%
Erik Víšek
17%
Ivan “KidAjvn” Kloc
17%
Jan “Halien” Štec
17%
Jiří Charizan
17%
Josef Kůrka
17%
Klára Havlíková
17%
Kryštof Novák
17%
Lukáš “Bukys” Bukovaz
17%
Norbert Majkrič
17%
Peter “Kobra” Kutka
17%
Petr “Maniac Cop” Reif
17%
Radim “Rocky” Volák
17%
Tereza Stibalová
17%
Tomáš Chlup
17%
Tomáš Podhorný
17%
Adam “Bergino” Berger
8%
Daniel “Icko” Klement
8%
Daniel “Justbekis” Bek
8%
Daniel Šutera, Michal Zbožínek
8%
Elmo Moravec
8%
Martin “ZIAMW” Tronec
8%
Nenad “Neny” Pleš
8%
Riad Charawani
8%

Score Distribution

Percentile by Number Answered

Percent of People with Each Score

Your Score History

You have not taken this quiz since the last reset